| 000 | 00603nam a22002050 4500 | ||
|---|---|---|---|
| 001 | ocm9715550134 | ||
| 003 | PILC | ||
| 005 | 20151008145159.0 | ||
| 008 | 970304s1993 | ||
| 020 | _a9715550134 | ||
| 050 |
_aHF 5635 _b .C889 1993 |
||
| 100 | 1 | _aCruz, Daniel R. | |
| 245 | 1 | 0 |
_aAccounting for non-accountants / _cDaniel R. Cruz. |
| 260 |
_aManila : _bDe La Salle University Press, _c1993. |
||
| 300 |
_a213 pages : _billustrations ; _c22 cm. |
||
| 500 | _aIncludes index. | ||
| 650 | _aAccounting. | ||
| 650 |
_aAccounting _xProblems, exercises, etc. |
||
| 942 |
_2lcc _cBK _kLOC |
||
| 999 |
_c288837 _d288837 |
||